Simply wordperfect

Bibliographic Details
Main Author: Jamsa, Kris
Other Authors: Balkovek, James (illustrated)
Format: Book
Published: California : Osborne McGraw-Hill , 1991
Subjects:

MARC

LEADER 00000cam a2200000 7i4500
001 0000009950
002 000010839
005 20000330.0
020 |a 0078817528 
090 0 0 |a 652.5   |b JAM 
100 1 |a Jamsa, Kris 
245 1 0 |a Simply wordperfect   |c Kris Jamsa 
260 |a California :   |b Osborne McGraw-Hill ,   |c 1991 
300 |a 200p. :   |b ill. ;   |c 22cm. 
630 0 0 |a WordPerfect (Computer program) 
650 0 0 |a Word processing 
700 1 |a Balkovek, James ,   |e illustrated 
999 |a 025675   |b BUKU   |c PINJAMAN   |e PERPUSTAKAAN KOMUNITI PETALING JAYA 
999 |a 053053   |b BUKU   |c PINJAMAN   |e PERPUSTAKAAN KOMUNITI PETALING JAYA